000 00550nam a2200193 a 4500
001 14156
003 CO-ViMGA
008 141112s2004 ck r 000 u spa d
020 _a9581801693
040 _aCO-ViMGA
_bspa
_cCO-ViMGA
082 _aCo864.08 C789g
100 1 _aCruz, Antonio
_95409
245 1 0 _aGrandes oradores colombianos
260 _aSantafé de Bogotá :
_bBiblioteca Familiar Presidencia de la Republica,
_c1997
300 _a677
650 1 4 _aENSAYOS COLOMBIANOS
_91215
650 1 4 _aORATORIA COLOMBIANA
_95410
942 _2ddc
_cBK
999 _c10801
_d10801